[Event "Grenke Chess Classic 4th"]
[Site "Karlsruhe/Baden-Baden"]
[Date "2017.04.17"]
[Round "3"]
[White "Bluebaum, Matthias"]
[Black "Naiditsch, Arkadij"]
[Result "0-1"]
[WhiteElo "2634"]
[BlackElo "2702"]
[Annotator "Sumets,A"]
[PlyCount "88"]
[EventDate "2017.04.15"]
[EventType "tourn"]
[EventRounds "7"]
[EventCountry "GER"]
[EventCategory "20"]
[SourceTitle "CBM 178"]
[Source "ChessBase"]
[SourceDate "2017.05.14"]
[SourceVersion "1"]
[SourceVersionDate "2017.05.14"]
[SourceQuality "1"]

1. d4 Nf6 2. c4 e6 3. g3 d5 4. Bg2 {One of the reasons to start with 4.Bg2 is
that after ...Bb4+ White can play 5.Nd2 and ...dxc4 is impossible due to 6.
Qa4+.} dxc4 5. Nf3 a6 6. O-O (6. Ne5 Bb4+ 7. Nc3 Nd5 8. O-O (8. Bd2 Bxc3 9.
bxc3 b5 10. O-O O-O 11. a4 Bb7 12. Qb1 c5 13. e4 Nf6 14. Bg5 cxd4 15. axb5 axb5
16. Qxb5 Rxa1 17. Rxa1 Ba6 18. Rxa6 Nxa6 19. Qxa6 dxc3 $13 {Bologan,V (2734)
-Naiditsch,A (2712) Istanbul 2012 1/2 (35)}) 8... Nxc3 9. bxc3 Bxc3 10. Rb1
Qxd4 11. Qa4+ b5 12. Qa3 Qxe5 13. Bf4 Qf6 14. Bxc7 b4 15. Qa5 (15. Rxb4 {
1/2 (45) Fridman,D (2655)-Naiditsch,A (2700) Dortmund 2012}) 15... O-O 16. Bxa8
e5 17. Qd5 Be6 18. Qd6 Bf5 19. Rbc1 ({probably White should have tried} 19.
Qxf6 $5 gxf6 20. e4 Bh3 21. Rfd1 Nd7 22. Bc6 Nc5 23. Bd6 Rc8 24. Bxc5 Rxc6 25.
Bxb4 Bd4 {Black should make a draw.}) 19... Bg4 20. Rc2 Qf5 21. Rfc1 Bd4 $11 {
Avrukh,B (2596) -Naiditsch,A (2712) Sibenik 2012 0-1 (37)}) 6... Nc6 7. Be3 {
A very rare continuation. White protects the d4-pawn and he doesn't mind
trading his dark-squared bishop for Black's knight. The same idea 7.Bg5 is
quite well studied.} (7. Bg5 Be7 8. e3 O-O 9. Nbd2 e5 10. dxe5 Ng4 11. Bxe7
Qxe7 12. Nxc4 Ngxe5 13. Nfxe5 Nxe5 14. Nxe5 Qxe5 $11 {Shirov,A (2673)-Oparin,G
(2616) Moscow RUS 2016 1/2 (60)}) 7... Bd7 $146 (7... Nd5 8. Bg5 (8. Qc1 Bd7 9.
Bg5 f6 10. e4 Ndb4 11. d5 $2 (11. Be3 b5 12. Ne1 (12. Nbd2 Nd3 13. Qb1 $13)
12... Na5 13. Nd2 Be7 14. Qc3 $44) 11... fxg5 12. dxc6 Nxc6 13. Qxc4 g4 14.
Nfd2 Bd6 $17 {0-1 (26) Reinaldo Castineira,R (2511)-Morozevich,A (2715)
Pamplona 2010}) 8... Be7 (8... f6 $5 9. Bd2 Nb6 10. e3 Bd7 $13) 9. Bxe7 Ndxe7
10. e3 O-O 11. Nbd2 b5 12. b3 c3 13. Ne4 Nd5 14. a3 f5 $2 15. Nc5 $2 (15. Nxc3
$1 Nxc3 16. Qc2 Bb7 17. Qxc3 $16) 15... a5 16. h4 $6 (16. Ne5 $1 Nxe5 17. dxe5
$44) 16... Rb8 $13 {Eljanov,P (2717)-Sethuraman,S (2640) Berlin 2015 1-0 (42)})
(7... Rb8 8. Qc1 Nd5 9. Qxc4 Nxe3 10. fxe3 g6 {I think that it is stronger
than 10...Be7.} (10... Be7 11. Nbd2 O-O 12. a3 Na7 13. Rac1 c6 14. Ne4 b6 15.
Ne5 $16 {Mulyar,M (2410)-Finney,S (2162) Orlando 2011 1/2 (38)}) 11. Nbd2 Bh6
12. Qc3 O-O 13. e4 e5 14. d5 Na7 (14... Ne7 $5 15. Qxe5 Bg7 16. Qf4 f5 $44) 15.
Nxe5 (15. Qxe5 $2 Nb5 {White is in trouble.} 16. d6 cxd6 17. Qd5 Bg7 $17) 15...
Bg7 16. Qe3 Bxe5 17. Qxa7 Bg4 18. Nc4 Bg7 $44 {Mulyar,M (2410)-Mikhalevski,V 
(2569) Toronto 2011 0-1 (40)}) 8. Qc1 b5 9. b3 $1 {A standard way for White.
He gets long-term compensation.} cxb3 $8 10. axb3 Bd6 11. Ne1 {White could
start with 11.Nc3. In any case he should play Ne1, Nd3, Nc3. Then he could
think how to push his central pawns.} (11. Nc3 Nd5 12. Nxd5 (12. Ne1 {leads to
the game}) 12... exd5 13. Ne1 Ne7 14. Nd3 O-O 15. Nc5 a5 {White has some
compensation for the sacrificed pawn, the position which has arisen is rather
equal.}) 11... Nd5 12. Nc3 Ncb4 ({Black shouldn't play} 12... Nxe3 13. Qxe3 O-O
14. Nd3 Qb8 15. Ne4 Qb6 16. Nec5 Be8 17. Rfc1 $44 {White has good chances to
regain the sacrificed material with some benefit.}) (12... Nce7 13. Bg5 $1 f6
14. Bd2 O-O 15. Nd3 Bc6 16. Ne4 Qe8 17. Nec5 $16 {White regains a pawn with an
advantage.}) 13. Nxd5 {It is not an ambitious continuation and it is
sufficient only to get an equal position.} ({I believe White should have
preferred} 13. Bg5 $1 {and after both continuations 13...Be7 and 13...f6 White
has better chances.} Be7 (13... f6 {it is a risky move.} 14. Bd2 O-O 15. Ne4
Nc6 16. e3 Qc8 17. Nd3 Rd8 18. Qb2 $44 {White's plan is Rfc1, Nec5 and sooner
or later he will win some material.}) 14. Bxe7 Qxe7 15. Ne4 O-O 16. Nc5 a5 17.
e4 Nb6 18. Nc2 Nc6 19. e5 $44) 13... exd5 14. Bd2 (14. Bg5 {doesn't change
much. After 14...Be7 15.Bxe7 Qxe7 16.Nc2 White will get the similar position.
Black could also try 14...Qc8 then White should play 15.Bd2.}) 14... c6 15.
Bxb4 ({If White wants to get an equal position he can play} 15. e4 dxe4 16.
Bxb4 Bxb4 17. Bxe4 O-O 18. Nd3 Qe7 19. Bxc6 Bxc6 20. Qxc6 Rad8 $11) 15... Bxb4
16. Nd3 Bd6 17. Nc5 O-O (17... Bxc5 {leads to a similar position.} 18. Qxc5 Qe7
19. Qc3 O-O 20. e3 $44) 18. Nb7 Qc7 19. Nxd6 Qxd6 20. Qd2 Ra7 21. Rfc1 $44 {
White has got well-known compensation for the sacrificed pawn, the a6- and
c6-pawns are weak, Black's light-squared bishop seems to be a bad bishop.
However I think that Black's chances are not worse. He needs to protect his
pawns on the queenside and then prepare the counterplay on the kingside by
means of h5, h4 or h6, g5, Qg6, h5, h4.} h6 22. Rc5 {Matthias doesn't want to
play b4, because his opponent's queen can penetrate on the b6-square by means
of Qa5, Qb6.} Rfa8 {A passive defence.} 23. Qa5 Be8 24. e3 g5 25. Rc2 Qg6 26.
Rca2 Bd7 27. Bf1 $6 {Matthias underestimated Black's counterplay.} (27. Qb6 $2
a5 {and White can't take on a5 due to ...Qb1+ and ...Bh3.}) (27. Re1 $1 {
White should be ready to play e4, especialy if Black plays ...h5.} h5 28. e4
dxe4 29. Bxe4 Bf5 30. Bxf5 Qxf5 31. Qc3 Rc8 32. Rae2 $44) 27... Kg7 28. b4 {
White wants to play ...Qb6 but it brings him nothing.} h5 $1 29. Qb6 h4 $15 30.
Qc5 Bf5 31. Rc1 $2 {A blunder.} a5 $1 32. Qb6 (32. Rxa5 Rxa5 33. bxa5 Rxa5 34.
Qe7 ({Of course the c6-pawn is untouchable.} 34. Qxc6 $4 Qxc6 35. Rxc6 Ra1 36.
Kg2 h3+ $19) 34... Be4 35. Qe5+ Kh7 $17) (32. Bg2 Bd3 33. Ra3 Ra6 $17 {White
is a pawn down and without counterplay. Black should win the game.}) (32. f3
hxg3 33. hxg3 g4 34. fxg4 Be4 $1 $19) 32... Ra6 33. Qc7 axb4 $19 34. Rxa6 Rxa6
35. Qb7 Ra2 36. Rxc6 Be6 37. Qe7 (37. Qxb5 Qf5 $19) 37... Qf6 38. Qxf6+ Kxf6
39. gxh4 b3 40. hxg5+ Kxg5 41. f4+ Kh4 42. Bd3 Rd2 43. f5 Rxd3 44. fxe6 b2 0-1

[Event "Excelsior Cup"]
[Site "Gothenburg"]
[Date "1997.01.10"]
[Round "4"]
[White "Gleizerov, Evgeny"]
[Black "Hector, Jonny"]
[Result "0-1"]
[WhiteElo "2545"]
[BlackElo "2500"]
[Annotator "Tisdall,J"]
[PlyCount "70"]
[EventDate "1997.01.??"]
[EventType "tourn"]
[EventRounds "9"]
[EventCountry "SWE"]
[EventCategory "9"]
[SourceTitle "CBM 057"]
[Source "ChessBase"]
[SourceDate "1997.04.01"]
[SourceVersion "1"]
[SourceVersionDate "1997.04.01"]
[SourceQuality "1"]

1. d4 {Petursson Ftacnik} d5 2. c4 c6 3. Nf3 Nf6 4. Nc3 e6 5. g3 dxc4 6. Bg2 b5
7. Ne5 Qb6 8. O-O (8. a4 {Ftacnik} Bb7 9. a5 Qa6 10. O-O Nbd7 11. Nxd7 (11. f4
c5 12. Nxd7 Nxd7 13. d5 O-O-O 14. dxe6 Bxg2 15. Kxg2 Nf6 16. Qc2 b4 17. Nd1
Qxe6 18. Ne3 Rd4 19. Rf3 Be7 20. f5 Qe4 21. Qxe4 Nxe4 {0-1 Hetey,L-Turzo,A/
Budapest FS07 IM-A/1995 (37)}) 11... Nxd7 12. e4 b4 13. Ne2 Be7 14. Qa4 O-O 15.
Rd1 Rad8 16. Bf4 Qb5 17. Qc2 c5 18. d5 exd5 19. exd5 Bf6 20. a6 Ba8 21. Bc7
Rde8 22. Ra5 b3 23. Qf5 Qb4 {0-1 Tregubov,P-Van de Oudeweetering,A/Groningen
op (01)/1994 (29)}) 8... Bb7 9. a4 (9. e4 {Ftacnik} Nfd7 (9... Nbd7 10. Be3 Qc7
(10... c5 11. Nxd7 Nxd7 12. d5 exd5 13. Nxd5 Bxd5 14. Qxd5 Rd8 15. a4 a6 16.
axb5 axb5 17. Ra8 Be7 18. Rxd8+ Bxd8 19. Rd1 Nf6 20. Qe5+ Be7 21. Bxc5 Qxc5 22.
Qb8+ Bd8 23. Qxd8# {1-0 Hutters,T-Petersen,St/DEN-ch qual Copenhagen (01) 1995}
) 11. Bf4 Bc5 12. Nxd7 Nxd7 13. e5 Be7 14. Qg4 g6 15. Bh6 a6 16. Bg7 Rg8 17.
Bh6 c5 18. Bxb7 Qxb7 19. Be3 O-O-O 20. Ne4 cxd4 21. Bxd4 Qd5 22. Nc3 Qc6 23. b3
b4 24. Na4 c3 {Allanepesova,O-Guseva,E/URS Spartakiad/1979/0-1 (61)}) (9... c5
10. a4 b4 11. Nxc4 Qd8 12. Nb5 a6 13. Nbd6+ Bxd6 14. e5 Bf8 15. Bxb7 Ra7 16.
Bg2 Nd5 17. h4 Rd7 18. Bg5 Qc7 19. Rc1 h6 20. Bd2 Nc6 21. dxc5 Bxc5 22. Qg4 {
1-0 Pecorelli Garcia,H-Lopez,C/Ciego de Avila (07)/1996 (33)}) 10. Nf3 Bb4 11.
Be3 c5 12. d5 Bxc3 13. bxc3 O-O 14. dxe6 Qxe6 15. Qb1 Bc6 16. Ng5 Qe5 17. Bf4
Qxc3 18. e5 Qd3 19. e6 Bxg2 20. Kxg2 fxe6 21. Qxb5 Qd5+ 22. f3 Nc6 23. Rac1 Nd4
24. Qxc4 Qxc4 25. Rxc4 {1/2-1/2 Topalov,V-Zak,U/Mesa op/1992 (38)}) 9... a6 (
9... Bb4 {Ftacnik} 10. e4 Nfd7 11. Nf3 O-O 12. Be3 c5 13. axb5 Bxc3 14. bxc3
Bxe4 15. Re1 Nf6 16. dxc5 Qxb5 17. Bd4 Nbd7 18. Bxf6 Nxf6 19. Nd4 Qb2 20. Bxe4
Nxe4 21. Rxe4 {1-0 Kristensen,B-Sorensen,B/DEN-chT 9091 (06)/1991 (27)}) 10. e4
Nfd7 (10... c5 $5 11. d5 Nbd7 12. f4 $44) (10... Be7 {Ftacnik} 11. Be3 O-O 12.
b3 cxb3 13. Qxb3 c5 14. Nc4 Qc7 15. axb5 cxd4 16. Bxd4 Nbd7 17. b6 Nc5 18. bxc7
Nxb3 19. Rab1 Nxd4 20. Rxb7 Nd7 21. Rd1 Bf6 22. e5 Nxe5 23. Rxd4 Nf3+ 24. Bxf3
Bxd4 25. Na4 {1-0 Voloshin,L-Kornilovich,V/Minsk op (07)/1993/}) 11. Nxd7 (11.
Bf4 {Ftacnik} Nxe5 12. Bxe5 Nd7 13. Bf4 $13) 11... Nxd7 12. d5 (12. Be3 {
Ftacnik} b4 13. a5 Qc7 14. Ne2 $13) 12... Bc5 (12... b4 $5 13. dxe6 fxe6 14.
Ne2 $1 $44 {is sound, with black's compromised pawn structure offering white
at least enough compensation for the sacrifice.}) 13. dxe6 fxe6 14. Bh3 (14.
Qg4 O-O {gives black good counterplay on the f- and e-lines.}) 14... Rf8 {
Black plays with a great risk, his counterplay may not be strong enough.
Schwarz spielt mit großem Risiko, sein Gegenspiel konnte sich auch nicht als
ausreichend erweisen.} (14... Nf8 {looks better. Although black's king is in
danger here, it seems even more exposed in the game.} 15. Qg4 (15. a5 {Ftacnik}
Qa7 16. Qh5+ g6 17. Qe2 $132)) 15. Qe2 {White prefers to keep his king
position as solid as possible, in keeping with a sensible Russian style.} (15.
Bxe6 $1 {is the critical move.} Bxf2+ (15... Rd8 16. Qh5+ g6 17. Qxh7 $16) 16.
Kg2 Nc5 (16... O-O-O 17. Bg5 (17. Bg5 c5 18. Bg4 Bd4 19. Bxd7+ Kxd7 20. Bxd8
Rxd8 $16)) (16... Rd8 {Ftacnik} 17. Qh5+ g6 (17... Ke7 18. Bxd7) 18. Qxh7 $16)
17. Qh5+ (17. Bh3 Nd3 18. Qh5+ $16) (17. Bxc4 bxc4 18. Qh5+ Kd8 19. a5 Qb4 $13)
17... g6 18. Qe5 Nd3 19. Qg7 {threatening Qd7 and Bh6. Black's position looks
shattered, f or example,} Bc8 (19... Nc5 20. Bg5) 20. Bh6 {wins. However,
Gleizerov is not so confrontational, and prefers the neater path. Neat is
practical, but sometimes neat is second best.}) 15... Bd4 {By controlling the
e5 square, black prevents the kind of invasions seen in the previous note. He
also greatly improves the coordination of his pieces (his queen is no longer
bound to defend c5 against Qh5+ routines) and the bishop on d4 monitors both
sides of the board.} 16. Bxe6 Nc5 17. Bh3 (17. a5 {Ftacnik} Qc7 18. Bf5 g6 $13)
17... Kf7 {Simply castling by hand and creating the kind of pressure on the e-
and f-lines seen in the note to white's 14th move. Nevertheless, black must
use quite a bit of time to set up this counterplay now, and white should be
able to secure his advantage in the meantime.} 18. axb5 {This move tends to
improve black's chances in this type of position, and here does not seem to be
an exception. The use of the d5 square is more than balanced by Black's
improved pawn structure and activated bishop on b7.} (18. Be3 {is more what I
would expect from Gleizerov.} Nd3 (18... Rad8 19. axb5 axb5 (19... cxb5 20. Nd5
$1) 20. e5 {is obviously better for white.}) (18... Bxe3 19. Qxe3 Kg8 {is
perhaps the best of the alternatives.}) 19. Qh5+ (19. Bxd4 {Ftacnik} Qxd4 20.
Qh5+ Kg8 21. Be6+ Kh8 22. Bf5 g6 23. Bxg6 Qg7 24. Bf5 Nxb2 $13) 19... Kg8 20.
Be6+ Kh8 21. Bf5 {is terrible for black.}) 18... cxb5 19. Nd5 Qd8 (19... Bxd5
$6 {Ftacnik} 20. Qh5+ Ke7 21. Bg5+ Bf6 22. exd5 $16) 20. Rd1 Nd3 21. Qh5+ (21.
Rxd3 {Ftacnik} cxd3 22. Qxd3 Ba7 $1 (22... Bxd5 $6 23. exd5 Qxd5 (23... Qf6 24.
Be6+ Ke8 25. Be3 $14) 24. Be3 Rad8 25. Rd1 $14) 23. Qb3 Kg8 24. Be6+ (24. Nb6+
Kh8 25. Nxa8 Bxf2+ 26. Kf1 Bxg3+ $19) 24... Kh8 25. Bf4 Bc8 $15) 21... Kg8 22.
Be6+ (22. Be3 {Ftacnik} Bxe3 23. fxe3 Qe8 $17) 22... Kh8 23. Bf5 {White has
achieved the kind of attack we have seen in other variations, but with his own
king in the firing line as well.} (23. Be3 {Ftacnik} Bxe3 24. Nxe3 Qf6 $19)
23... Bxf2+ 24. Kg2 (24. Kf1 {Ftacnik} g6 25. Bxg6 Qd7 26. Nf4 Qg7 27. Bf5 Bb6
$17) 24... g6 (24... h6 $5 25. Qg6 (25. Bxh6 Rxf5 $1 26. Qxf5 $1 gxh6 27. Rxd3
cxd3 28. Qe5+) 25... Rxf5 26. Qxf5 Bd4 {gives black good compensation for the
exchange. White is greatly hampered by the need to keep the bishop on b7
blocked. However, there is no need to sacrifice anything yet either.}) 25. Bxg6
Qd7 26. Nf4 (26. Bf5 $4 Rxf5 27. Qxf5 Qxf5 28. exf5 Bxd5+) (26. Bd2 {Ftacnik}
Bd4 27. Bc3 Bxc3 28. bxc3 Qg7 $19) 26... Qg7 $1 27. Bf5 $2 {Gleizerov walks
into a sneaky punch. Better was} (27. Nxd3 cxd3 28. Bf5 {But there are a lot
of nasty tricks to watch out for here as well.} Rxf5 $1 (28... Rad8 $2 29. Bh6
Qf7 (29... Qxb2 $2 30. Bxf8 {and black has no meaningful check.}) 30. Qxf7 Rxf7
31. Kxf2 Bxe4 32. g4) 29. Qxf5 Rf8 30. Qe6 Qd4 31. Bf4 Bxe4+ 32. Kf1 Be3 (32...
Bg1 {Ftacnik} 33. Rd2 Be3 34. Rf2 Bxf4 35. gxf4 d2 $17) 33. Qe7 $1 {and white
will be happy if he escapes with a draw.} (33. Qe7 Kg8 34. Qe6+ Rf7 $17)) 27...
Rxf5 28. Qxf5 Rf8 29. Qe6 (29. Qh5 {Ftacnik} Rxf4 $1 30. Rxd3 Bxe4+ 31. Kh3
Bf5+ 32. Kg2 Qb7+ $19) 29... Qd4 {The presence of the knights, by comparison
to the previous note, must favor black, whose steed is a monster on d3.} (29...
Nxc1 $6 {Ftacnik} 30. Rd7 Bxe4+ (30... Rxf4 31. Rxb7 (31. Rxg7 Bxe4+ 32. Qxe4 (
32. Kf1 Bxg3+ 33. Kg1 Ne2#) 32... Rxe4 33. Rb7 Nd3 34. Rxa6 $15) 31... Qxb7 32.
gxf4 Qg7+ 33. Kf3 $13) 31. Qxe4 Qxd7 32. Qe5+ Kg8 33. Qg5+ $13) (29... Rxf4 {
Ftacnik} 30. Rxd3 Bxe4+ 31. Qxe4 Rxe4 32. Rd8+ Qg8 33. Rxg8+ Kxg8 34. Kxf2 $18)
30. Nd5 {Loses by force} (30. Nxd3 {Ftacnik} Bxe4+ $19) (30. Qe7 $1 {Ftacnik}
Qxe4+ 31. Qxe4 Bxe4+ 32. Kh3 Bf3 33. Nxd3 Bxd1 34. Nxf2 $10) 30... Be1 $1 {
Now the king hunt begins. Since the h3 square is off-limits due to the sudden
appearance of black's bishop on c8 when needed, the white king has limited
room to run.} (30... Ne1+ {Ftacnik} 31. Kh3 Qxd1 32. Qe5+ Kg8 33. Qg5+ Kh8 $10)
31. Be3 (31. Ra3 {Ftacnik} Bc8 $19) 31... Qxb2+ 32. Kg1 (32. Kh1 {Ftacnik} Rf1+
33. Bg1 Rxg1+ 34. Kxg1 Qf2+ 35. Kh1 Qf1#) 32... Bf2+ 33. Bxf2 (33. Kh1 Qe2 $1 (
33... Qe2 {Ftacnik} 34. Bxf2 Nxf2+ 35. Kg1 Ng4 36. Rd2 Qxd2 37. Qxg4 Qd4+ $19))
33... Qxf2+ 34. Kh1 Bc8 $1 ({Also} 34... Qf3+ {Petursson} 35. Kg1 Bxd5 36. exd5
Nf2 37. Qe5+ Rf6 38. Qe8+ Kg7 39. Qe7+ Kg6 40. Qe8+ Kh6 $19) 35. Qe7 (35. Qb6 {
Ftacnik} Bg4 $1 36. Rxd3 Qxb6 37. Nxb6 cxd3 $19 (37... cxd3 {Petursson} 38. Nd5
d2 39. Ne3 d1=Q+ 40. Nxd1 Rf1+ 41. Kg2 Rxd1 $19)) 35... Bh3 {White is mated on
the light squares. Hector can still please a crowd.} 0-1